Étude des communications : approches constructivistes (notice n° 2198725)
[ vue normale ]
| 000 -LEADER | |
|---|---|
| fixed length control field | 01412cam a2200145 4500500 |
| 005 - DATE AND TIME OF LATEST TRANSACTION | |
| control field | 20260405085600.0 |
| 041 ## - LANGUAGE CODE | |
| Language code of text/sound track or separate title | fre |
| 042 ## - AUTHENTICATION CODE | |
| Authentication code | dc |
| 100 10 - MAIN ENTRY--PERSONAL NAME | |
| Personal name | Mucchielli, Alex |
| Relator term | author |
| 245 00 - TITLE STATEMENT | |
| Title | Étude des communications : approches constructivistes |
| 260 ## - PUBLICATION, DISTRIBUTION, ETC. | |
| Name of publisher, distributor, etc. | Armand Colin,<br/> |
| Date of publication, distribution, etc. | 2005.<br/> |
| 520 ## - SUMMARY, ETC. | |
| Summary, etc. | Le présent ouvrage, qui s'inscrit dans la continuité de Approche par la contextualisation, paru dans la même série et qui montrait que les « communications » prennent sens pour les acteurs lorsqu'ils les replacent dans un « contexte pertinent pour eux ». Il démontre que l'interprétation scientifique est aussi l'oeuvre d'une « contextualisation » qui s'opère par et à travers des contextes « scientifiquement construits » pour les besoins des recherches. Les contextes construits peuvent être divers. Ils dépendent de pré-requis scientifiques que l'on peut expliciter. Ils construisent des « reflets » de la « réalité » présentant la caractéristique d'être « utiles » pour résoudre les problèmes posés au départ. L'ouvrage présente sept méthodes ayant déjà fait leurs preuves et donne des indications pour construire des méthodes adaptées à divers problèmes de recherche. |
| 700 10 - ADDED ENTRY--PERSONAL NAME | |
| Personal name | Noy, Claire |
| Relator term | author |
| 856 41 - ELECTRONIC LOCATION AND ACCESS | |
| Uniform Resource Identifier | <a href="https://shs.cairn.info/etude-des-communications-approches-constructiviste--9782200268459?lang=fr&redirect-ssocas=7080">https://shs.cairn.info/etude-des-communications-approches-constructiviste--9782200268459?lang=fr&redirect-ssocas=7080</a> |
Pas d'exemplaire disponible.




Réseaux sociaux